000 00298nam a22001337a 4500
008 170425b xxu||||| |||| 00| 0 eng d
020 _a2900966960135
041 _aeng
080 _22ND
_a54
100 _a12
101 _aSHM
245 _aCHEMICAL PROCESS CONTROL
_cRIGGS, J.B
942 _2udc
_cBK
999 _c11889
_d11889